Catálogo
 En Linea

Manual de lechería para la América tropical / (Registro nro. 21377)

Detalles MARC
000 -CABECERA
campo de control de longitud fija 00881nam a2200229 a 4500
001 - NÚMERO DE CONTROL
campo de control 000021879
005 - FECHA Y HORA DE LA ÚLTIMA TRANSACCIÓN
campo de control 20200930011503.0
008 - DATOS DE LONGITUD FIJA--INFORMACIÓN GENERAL
campo de control de longitud fija 100914s19uu xxu 001 0 spa d
040 ## - FUENTE DE LA CATALOGACIÓN
Centro catalogador/agencia de origen DO-SdBNP
Lengua de catalogación spa
Centro/agencia transcriptor BNPHU
082 ## - NÚMERO DE LA CLASIFICACIÓN DECIMAL DEWEY
Número de clasificación xxxx
Número de documento/Ítem E792m
049 ## - FONDOS LOCALES (OCLC)
Fondos de biblioteca BNPD
110 1# - ENTRADA PRINCIPAL--NOMBRE DE ENTIDAD CORPORATIVA
Nombre de entidad corporativa o nombre de jurisdicción como elemento de entrada Estados Unidos
Unidad subordinada Secretaría de Agricultura
-- Oficina de Industria Lechera.
9 (RLIN) 45408
245 10 - MENCIÓN DE TÍTULO
Título Manual de lechería para la América tropical /
Mención de responsabilidad, etc. H. E. Hodgson y O. E. Reed ; prólogo Charles F. Brannan.
260 ## - PUBLICACIÓN, DISTRIBUCIÓN, ETC.
Lugar de publicación, distribución, etc. Washington :
Nombre del editor, distribuidor, etc. Secretaría de Estado de Estados Unidos,
Fecha de publicación, distribución, etc. [195?].
300 ## - DESCRIPCIÓN FÍSICA
Extensión 370 p. :
Otras características físicas il., retrs. ;
Dimensiones 24 cm.
490 1# - MENCIÓN DE SERIE
Mención de serie Publicación TC
Designación de volumen o secuencia 280
500 ## - NOTA GENERAL
Nota general Incluye referencias bibliográficas y notas al pie de las páginas
700 1# - PUNTO DE ACCESO ADICIONAL--NOMBRE DE PERSONA
Nombre de persona Hodgson, H. E.
9 (RLIN) 45409
700 1# - PUNTO DE ACCESO ADICIONAL--NOMBRE DE PERSONA
Nombre de persona Reed, O. E.
9 (RLIN) 45410
700 1# - PUNTO DE ACCESO ADICIONAL--NOMBRE DE PERSONA
Nombre de persona Brannan, Charles F.
Término indicativo de función/relación pról.
9 (RLIN) 45411
830 #0 - PUNTO DE ACCESO ADICIONAL DE SERIE-TÍTULO UNIFORME
Título uniforme Publicación TC
Designación de volumen o secuencia 280
9 (RLIN) 45412
Existencias
Estado de retiro Estado de pérdida Restricciones de uso No para préstamo Código de colección Localización permanente Ubicación/localización actual Ubicación en estantería Fecha de adquisición Número de inventario Total de préstamos Signatura topográfica completa Código de barras Fecha visto por última vez Precio válido a partir de Tipo de ítem Koha
      Excluido de préstamo Monografías: Libros y Folletos Patrimonio Dominicano Patrimonio Dominicano En catalogación 14.09.2010 LF1   xxxx E792m 21879-10 25.06.2020 25.06.2020 No se presta

Con tecnología Koha